| 000 | 00794cam a22002533a 4500 | ||
|---|---|---|---|
| 001 | 20534 | ||
| 003 | PGUSA | ||
| 005 | 20140828083434.0 | ||
| 008 | 070206s2007||||xxu|||||s|||||000 | eng d | ||
| 040 |
_aPGUSA _beng |
||
| 042 | _adc | ||
| 050 | 4 | _aBX | |
| 100 | 1 |
_aPenn, William, _d1644-1718 |
|
| 245 | 1 | 2 |
_aA Sermon Preached at the Quaker's Meeting House, in Gracechurch-Street, London, Eighth Month 12th, 1694. _h[electronic resource] / _cWilliam Penn |
| 260 |
_bProject Gutenberg, _c2007 |
||
| 506 | _aPublic domain in the USA. | ||
| 516 | _aElectronic text | ||
| 653 | _aSermons, English -- 17th century | ||
| 653 | _aSociety of Friends -- Doctrines | ||
| 653 | _aSalvation | ||
| 830 | 0 |
_aProject Gutenberg _v20534 |
|
| 856 | 4 | 0 | _uhttp://www.gutenberg.org/ebooks/20534 |
| 942 | _cEB | ||
| 999 |
_c249789 _d249789 |
||